[Event "GRE Military-ch"]
[Site "Athens"]
[Date "2017.06.07"]
[Round "3.1"]
[White "Tsiropoulas, Apostolos"]
[Black "Pavlidis, Anastasios"]
[Result "1/2-1/2"]
[WhiteElo "2127"]
[BlackElo "2283"]
[PlyCount "63"]
[EventDate "2017.06.07"]
[EventType "swiss"]
[EventRounds "9"]
[EventCountry "GRE"]
[SourceTitle "EXT 2024"]
[Source "ChessBase"]
[SourceDate "2023.10.10"]
[SourceVersion "1"]
[SourceVersionDate "2023.10.10"]
[SourceQuality "1"]

1. d4 f5 2. Nf3 Nf6 3. Bf4 d6 4. e3 g6 5. Bc4 Bg7 6. h3 e6 7. Nc3 Qe7 8. g4 Nc6 9. gxf5 exf5 10. Qe2 Bd7 11. 0-0-0 0-0-0 12. Nd5 Nxd5 13. Bxd5 Nb4 14. Bb3 h6 15. h4 Bc6 16. d5 Bd7 17. Rhg1 Qf6 18. c3 Na6 19. Nd4 Nc5 20. Bc2 Kb8 21. b4 Ne4 22. Kb2 Qf7 23. f3 Nf6 24. Bb3 Qe8 25. Qg2 g5 26. hxg5 hxg5 27. Bxg5 Rg8 28. Bxf6 Bxf6 29. Qxg8 Qxg8 30. Rxg8 Rxg8 31. Rd2 Re8 32. Re2 1/2-1/2

[Event "GRE-chT 43rd"]
[Site "Porto Rio"]
[Date "2015.10.08"]
[Round "1.12"]
[White "Deligiannis, Paraskevas1111"]
[Black "Tsiropoulas, Apostolos"]
[Result "0-1"]
[WhiteElo "2047"]
[BlackElo "2089"]
[PlyCount "74"]
[EventDate "2015.10.08"]
[EventType "team-swiss"]
[EventRounds "7"]
[EventCountry "GRE"]
[SourceTitle "CBM 168 Extra"]
[Source "ChessBase"]
[SourceDate "2015.10.29"]
[SourceVersion "1"]
[SourceVersionDate "2015.10.29"]
[SourceQuality "1"]
[WhiteTeam "Patron Sailing"]
[BlackTeam "Aigaleo"]
[WhiteTeamCountry "GRE"]
[BlackTeamCountry "GRE"]

1. c4 e6 2. g3 d5 3. Bg2 Nf6 4. Nf3 Be7 5. 0-0 c5 6. d4 cxd4 7. Nxd4 0-0 8. Qc2 Nc6 9. Nxc6 bxc6 10. Rd1 Ba6 11. b3 Rc8 12. Bb2 Qa5 13. Nd2 Rfd8 14. e3 Ba3 15. Bc3 Bb4 16. Bxb4 Qxb4 17. a3 Qe7 18. Qc3 h6 19. Qa5 Qb7 20. Bf1 Qb6 21. Qa4 c5 22. cxd5 Bxf1 23. Kxf1 exd5 24. Nf3 Qb7 25. Kg2 Ne4 26. Rac1 d4 27. h4 Nc3 28. Rxc3 dxc3 29. Rc1 Rd3 30. Qc4 Rcd8 31. Rxc3 Rxc3 32. Qxc3 Rd6 33. Qc4 Qd5 34. Qa4 Rf6 35. e4 Qd3 36. Qe8+ Kh7 37. Nh2 Qe2 0-1

[Event "GRE-chT 42nd"]
[Site "Porto Rio"]
[Date "2014.07.03"]
[Round "7.2"]
[White "Gazis, Efstathios"]
[Black "Tsiropoulas, Apostolos"]
[Result "1/2-1/2"]
[WhiteElo "2233"]
[BlackElo "2108"]
[PlyCount "113"]
[EventDate "2014.06.28"]
[EventType "team-swiss"]
[EventRounds "7"]
[EventCountry "GRE"]
[SourceTitle "CBM 161 Extra"]
[Source "ChessBase"]
[SourceDate "2014.08.29"]
[SourceVersion "1"]
[SourceVersionDate "2014.08.29"]
[SourceQuality "1"]
[WhiteTeam "Elefsinas STM"]
[BlackTeam "Aigaleo"]
[WhiteTeamCountry "GRE"]
[BlackTeamCountry "GRE"]

1. Nf3 Nf6 2. c4 e6 3. g3 d5 4. b3 c5 5. Bg2 Nc6 6. cxd5 exd5 7. d4 Be7 8. 0-0 cxd4 9. Bb2 0-0 10. Nxd4 Re8 11. Nc3 a6 12. Nxc6 bxc6 13. Rc1 Bf8 14. e4 Bg4 15. f3 Be6 16. e5 Nd7 17. f4 f5 18. Na4 Rc8 19. Qd3 Qa5 20. Rfd1 Nc5 21. Nxc5 Bxc5+ 22. Kh1 Ba7 23. Rc2 Red8 24. Bh3 g6 25. Bf1 Qb5 26. Rdc1 d4 27. Rd2 Bd5+ 28. Bg2 Bxg2+ 29. Kxg2 Kf7 30. Rcd1 Qxd3 31. Rxd3 c5 32. Rc1 Ke7 33. Kf3 a5 34. Rc4 Bb6 35. Ke2 Ke6 36. Rd1 Kd5 37. Rdc1 Ke6 38. Kd3 Rb8 39. Ba3 Rd7 40. Bxc5 Bxc5 41. Rxc5 a4 42. bxa4 Rb2 43. R1c2 Rb1 44. Rc6+ Ke7 45. Rc1 Rb2 46. R6c2 Rb4 47. Rc4 Rb2 48. R1c2 Rb1 49. a5 Rf1 50. Rd2 Rf3+ 51. Kc2 d3+ 52. Kc3 Rf1 53. Rd4 Rc7+ 54. Kxd3 Rf3+ 55. Ke2 Ra3 56. Rd5 Rb7 57. R5d3 1/2-1/2

[Event "GRE-chT 42nd"]
[Site "Porto Rio"]
[Date "2014.06.29"]
[Round "2.2"]
[White "Tsiropoulas, Apostolos"]
[Black "Socko, Monika"]
[Result "0-1"]
[WhiteElo "2108"]
[BlackElo "2463"]
[PlyCount "74"]
[EventDate "2014.06.28"]
[EventType "team-swiss"]
[EventRounds "7"]
[EventCountry "GRE"]
[SourceTitle "CBM 161 Extra"]
[Source "ChessBase"]
[SourceDate "2014.08.29"]
[SourceVersion "1"]
[SourceVersionDate "2014.08.29"]
[SourceQuality "1"]
[WhiteTeam "Aigaleo"]
[BlackTeam "Korinthias Argonaftis"]
[WhiteTeamCountry "GRE"]
[BlackTeamCountry "GRE"]

1. d4 Nf6 2. Nf3 g6 3. c4 Bg7 4. Nc3 d6 5. e4 0-0 6. Be2 Bg4 7. h3 Bxf3 8. Bxf3 Nc6 9. d5 Na5 10. Be2 c5 11. 0-0 a6 12. Qc2 Rb8 13. a4 e6 14. Bg5 Qb6 15. Ra3 Rfe8 16. Be3 exd5 17. exd5 Nd7 18. Nd1 Bd4 19. h4 Re5 20. f4 Re7 21. h5 Rbe8 22. hxg6 fxg6 23. Rf3 Qb4 24. Rg3 Qe1+ 25. Kh2 Nf6 26. Bxd4 cxd4 27. Bf3 Ne4 28. Bxe4 Rxe4 29. Nf2 Rxf4 30. Rxg6+ Kf8 31. Rh6 Rxf2 32. Qxh7 Rxg2+ 33. Kxg2 Re2+ 34. Kf3 Rf2+ 35. Kg4 Rg2+ 36. Kf4 Qe5+ 37. Kf3 Qe2+ 0-1

[Event "Nikaia op 21st"]
[Site "Nikaia"]
[Date "2013.08.29"]
[Round "4"]
[White "Tsiropoulas, Apostolos"]
[Black "Korniotis, Filippos"]
[Result "1/2-1/2"]
[WhiteElo "2146"]
[BlackElo "1931"]
[PlyCount "78"]
[EventDate "2013.08.26"]
[EventType "swiss"]
[EventRounds "9"]
[EventCountry "GRE"]
[SourceTitle "CBM 156 Extra"]
[Source "ChessBase"]
[SourceDate "2013.10.22"]
[SourceVersion "1"]
[SourceVersionDate "2013.10.22"]
[SourceQuality "1"]

1. d4 Nf6 2. Nf3 g6 3. Bf4 d5 4. e3 Bg7 5. h3 c5 6. c3 Nc6 7. Nbd2 0-0 8. Bd3 Nd7 9. 0-0 e5 10. dxe5 Ndxe5 11. Nxe5 Nxe5 12. Bxe5 Bxe5 13. Nf3 Bg7 14. Qa4 Qc7 15. Rfd1 Rd8 16. Rac1 a6 17. Qh4 Bd7 18. Ng5 h6 19. Nf3 Bc6 20. b4 c4 21. Bb1 f5 22. Qg3 Qxg3 23. fxg3 Kf7 24. g4 fxg4 25. hxg4 Bf6 26. Kf2 a5 27. a3 axb4 28. axb4 Ra3 29. Nd4 Re8 30. Ne2 Re5 31. Rh1 Rg5 32. Rxh6 Rxg4 33. Nd4 Bh4+ 34. Kf3 Rg3+ 35. Kf4 g5+ 36. Kf5 Rxe3 37. Rh7+ Kg8 38. Kf6 Be8 39. Ne6 Ra6 1/2-1/2

[Event "GRE-chT 41st"]
[Site "Achaia"]
[Date "2013.07.05"]
[Round "5.2"]
[White "Markidis, Konstantinos"]
[Black "Tsiropoulas, Apostolos"]
[Result "1-0"]
[WhiteElo "2376"]
[BlackElo "2143"]
[PlyCount "77"]
[EventDate "2013.07.02"]
[EventType "team-swiss"]
[EventRounds "7"]
[EventCountry "GRE"]
[SourceTitle "CBM 155 Extra"]
[Source "ChessBase"]
[SourceDate "2013.08.26"]
[SourceVersion "1"]
[SourceVersionDate "2013.08.26"]
[SourceQuality "1"]
[WhiteTeam "Florinas OP"]
[BlackTeam "Egaleo CN"]
[WhiteTeamCountry "GRE"]
[BlackTeamCountry "GRE"]

1. e4 e6 2. d4 d5 3. e5 c5 4. c3 Qb6 5. Nf3 Nc6 6. a3 cxd4 7. cxd4 Nh6 8. Nc3 Nf5 9. Na4 Qd8 10. b4 Be7 11. Bb2 h5 12. Bd3 g5 13. h3 b6 14. g3 Bb7 15. Rc1 Qd7 16. Kf1 Rc8 17. Kg2 Rg8 18. Bb5 Bd8 19. g4 Nh4+ 20. Nxh4 gxh4 21. f4 a6 22. Bd3 hxg4 23. hxg4 Ne7 24. Kh3 Rxc1 25. Bxc1 Nc6 26. Be3 Ne7 27. Rg1 Bc6 28. Nc3 b5 29. Qf3 Nc8 30. f5 Nb6 31. f6 Nc4 32. g5 Nxe5 33. dxe5 d4 34. Be4 Bxe4 35. Nxe4 dxe3 36. Nd6+ Kf8 37. Qh5 Bxf6 38. gxf6 Rxg1 39. Qh8+ 1-0

[Event "Fysiolatriko op 10th"]
[Site "Renti"]
[Date "2012.06.14"]
[Round "1.10"]
[White "Syfantos, Nikolaos"]
[Black "Tsiropoulas, Apostolos"]
[Result "0-1"]
[WhiteElo "1742"]
[BlackElo "2110"]
[PlyCount "66"]
[EventDate "2012.06.14"]
[EventType "swiss"]
[EventRounds "8"]
[EventCountry "GRE"]
[SourceTitle "EXT 2024"]
[Source "ChessBase"]
[SourceDate "2023.10.10"]
[SourceVersion "1"]
[SourceVersionDate "2023.10.10"]
[SourceQuality "1"]

1. Nf3 d5 2. c4 d4 3. b4 Bg4 4. Qb3 g6 5. Bb2 Bg7 6. h3 Bxf3 7. Qxf3 Nc6 8. a3 a5 9. b5 Ne5 10. Qb3 a4 11. Qc2 Nh6 12. d3 Qd6 13. Nd2 f5 14. g3 Nd7 15. Bg2 Nc5 16. 0-0 0-0 17. f4 Nf7 18. Nf3 e5 19. fxe5 Bxe5 20. Nxe5 Qxe5 21. Kh2 h5 22. h4 g5 23. hxg5 h4 24. Bd5 c6 25. bxc6 bxc6 26. Bxc6 Kg7 27. Bxa8 Rxa8 28. Rxf5 Qxf5 29. Bxd4+ Kg6 30. Bxc5 hxg3+ 31. Kg2 Rh8 32. Rh1 Rxh1 33. Kxh1 Qf1+ 0-1

[Event "Ambelokipi op 120th"]
[Site "Athens"]
[Date "2011.12.19"]
[Round "6"]
[White "Delithanasis, Dimitrios"]
[Black "Tsiropoulas, Apostolos"]
[Result "1-0"]
[WhiteElo "2128"]
[BlackElo "2136"]
[PlyCount "63"]
[EventDate "2011.12.03"]
[EventType "swiss"]
[EventRounds "7"]
[EventCountry "GRE"]
[SourceTitle "EXT 2024"]
[Source "ChessBase"]
[SourceDate "2023.10.10"]
[SourceVersion "1"]
[SourceVersionDate "2023.10.10"]
[SourceQuality "1"]

1. Nf3 d5 2. c4 d4 3. g3 Nc6 4. Bg2 e5 5. d3 Be7 6. 0-0 Nf6 7. b4 Nd7 8. b5 Ncb8 9. e3 dxe3 10. Bxe3 a6 11. Nc3 axb5 12. cxb5 c5 13. a4 0-0 14. Qb3 Ra7 15. Nd2 Nf6 16. Nde4 Be6 17. Qc2 Nfd7 18. f4 f5 19. Bh3 exf4 20. gxf4 Kh8 21. Ng3 Bf6 22. Nh5 Bd4 23. Bxd4 cxd4 24. Qf2 dxc3 25. Qxa7 Qh4 26. Bg2 Qxh5 27. Qxb7 Nf6 28. Rae1 Bb3 29. a5 Ng4 30. h3 Nf6 31. a6 Nbd7 32. a7 1-0

[Event "Nikaia op 18th"]
[Site "Nikaia"]
[Date "2010.08.21"]
[Round "2"]
[White "Tsiropoulas, Apostolos"]
[Black "Khurtsilava, Inga"]
[Result "0-1"]
[WhiteElo "2027"]
[BlackElo "2258"]
[PlyCount "120"]
[EventDate "2010.08.20"]
[EventType "swiss"]
[EventRounds "9"]
[EventCountry "GRE"]
[SourceTitle "CBM 138 Extra"]
[Source "ChessBase"]
[SourceDate "2010.10.29"]
[SourceVersion "1"]
[SourceVersionDate "2010.10.29"]
[SourceQuality "1"]

1. d3 d5 2. e4 dxe4 3. dxe4 Qxd1+ 4. Kxd1 e5 5. f3 Nc6 6. c3 Be6 7. Nd2 0-0-0 8. Kc2 Bc5 9. b4 Be7 10. Nc4 f6 11. a4 h5 12. h4 Nh6 13. a5 a6 14. Nh3 Nf7 15. Ne3 Nd6 16. Nf2 Nb5 17. Bc4 Bxc4 18. Nxc4 Rd7 19. Bd2 Rhd8 20. Rad1 g6 21. Bc1 f5 22. Rxd7 Rxd7 23. exf5 gxf5 24. Bg5 Nd6 25. Nd2 Nf7 26. Bxe7 Nxe7 27. g4 e4 28. Nfxe4 fxe4 29. Nxe4 Nd5 30. gxh5 Nh6 31. Rg1 Ne3+ 32. Kb3 Nef5 33. Rg6 Rd3 34. Ng5 Kd7 35. Kc2 Rd6 36. Rxd6+ Kxd6 37. c4 Nxh4 38. Kc3 N4f5 39. b5 Ng3 40. Kb4 c5+ 41. bxc6 Kxc6 42. Ne6 Nxh5 43. Nd4+ Kc7 44. Nb5+ axb5 45. a6 bxa6 46. cxb5 axb5 47. Kxb5 Nf4 48. Kc5 Nf5 49. Kb5 Kd6 50. Kb4 Kc6 51. Kc4 Kb6 52. Kb4 Nd6 53. Kc3 Kc5 54. Kb3 Nb5 55. Kc2 Kd4 56. Kd2 Na3 57. Ke1 Ke3 58. Kf1 Nc2 59. Kg1 Ke2 60. Kh2 Kf2 0-1

[Event "Peristeri Papanastasio 1st"]
[Site "Peristeri"]
[Date "2009.09.11"]
[Round "4.3"]
[White "Gogolis, Alexandros"]
[Black "Tsiropoulas, Apostolos"]
[Result "0-1"]
[WhiteElo "2229"]
[BlackElo "2010"]
[PlyCount "82"]
[EventDate "2009.09.08"]
[EventType "swiss"]
[EventRounds "7"]
[EventCountry "GRE"]
[SourceTitle "EXT 2024"]
[Source "ChessBase"]
[SourceDate "2023.10.10"]
[SourceVersion "1"]
[SourceVersionDate "2023.10.10"]
[SourceQuality "1"]

1. d4 Nf6 2. Nf3 g6 3. Bg5 Bg7 4. c3 d5 5. Nbd2 Ne4 6. Bf4 Nc6 7. e3 Nxd2 8. Qxd2 Bf5 9. Bb5 f6 10. Rc1 a6 11. Bxc6+ bxc6 12. Qe2 Bg4 13. h3 Bxf3 14. Qxf3 e5 15. Bh2 Qd6 16. 0-0 0-0 17. Rfd1 Rfb8 18. b3 Rd8 19. c4 Rd7 20. Rc2 Qe6 21. cxd5 cxd5 22. Rcd2 Rad8 23. Qe2 Bf8 24. Qg4 Kf7 25. dxe5 fxe5 26. e4 d4 27. Qg3 Bd6 28. Rd3 a5 29. Rc1 c5 30. Rc4 Rb7 31. Qh4 Qxc4 32. Qxh7+ Ke8 33. Qxg6+ Qf7 34. Qg4 Qg7 35. Qh5+ Rf7 36. Rg3 Qf6 37. Rf3 Qe7 38. Bg3 Rd7 39. Bh4 Qf8 40. Qg6 Be7 41. Bg3 d3 0-1

[Event "Nikaia op 17th"]
[Site "Nikaia"]
[Date "2009.08.27"]
[Round "7"]
[White "Skaperdas, Kostantinos"]
[Black "Tsiropoulas, Apostolos"]
[Result "1/2-1/2"]
[WhiteElo "2222"]
[BlackElo "2014"]
[PlyCount "70"]
[EventDate "2009.08.22"]
[EventType "swiss"]
[EventRounds "9"]
[EventCountry "GRE"]
[SourceTitle "CBM 132 Extra"]
[Source "ChessBase"]
[SourceDate "2009.11.03"]
[SourceVersion "1"]
[SourceVersionDate "2009.11.03"]
[SourceQuality "1"]

1. e4 e6 2. d4 d5 3. Nd2 Nf6 4. e5 Nfd7 5. Bd3 c5 6. c3 Nc6 7. Ngf3 cxd4 8. cxd4 f6 9. exf6 Nxf6 10. 0-0 Bd6 11. Re1 0-0 12. Nb3 Qc7 13. Qe2 a5 14. Bg5 h6 15. Bd2 a4 16. Nc5 Nxd4 17. Nxd4 Bxc5 18. Nxe6 Bxe6 19. Qxe6+ Kh8 20. Be3 Rae8 21. Qf5 Bxe3 22. Rxe3 Rxe3 23. fxe3 Qc5 24. Qe5 a3 25. bxa3 Qxa3 26. Qd4 Rc8 27. h3 Rc3 28. Rd1 Rc8 29. e4 dxe4 30. Bxe4 Qxa2 31. Bxb7 Rb8 32. Ra1 Qe6 33. Ra8 Rxa8 34. Bxa8 Qd7 35. Qxd7 Nxd7 1/2-1/2

[Event "GRE-ch U20"]
[Site "Greece"]
[Date "2009.01.04"]
[Round "4"]
[White "Tsiropoulas, Apostolos"]
[Black "Mihopoulos, Konstantinos"]
[Result "1/2-1/2"]
[WhiteElo "1994"]
[BlackElo "1913"]
[PlyCount "70"]
[EventDate "2009.01.02"]
[EventType "swiss"]
[EventRounds "9"]
[EventCountry "GRE"]
[SourceTitle "EXT 2011"]
[Source "ChessBase"]
[SourceDate "2010.11.26"]
[SourceVersion "1"]
[SourceVersionDate "2010.11.26"]
[SourceQuality "1"]

1. e4 c5 2. Nf3 Nc6 3. d4 cxd4 4. Nxd4 Nf6 5. Nc3 e6 6. Ndb5 Bb4 7. a3 Bxc3+ 8. Nxc3 d5 9. exd5 exd5 10. Bb5 0-0 11. Bxc6 bxc6 12. 0-0 Bf5 13. Ne2 Bg6 14. f3 Qb6+ 15. Kh1 Bh5 16. b4 a5 17. Qd4 Qb5 18. Ng3 Bg6 19. Bg5 Nh5 20. Nxh5 Bxh5 21. Bd2 axb4 22. axb4 f6 23. Rfe1 Rxa1 24. Qxa1 Qc4 25. c3 c5 26. bxc5 Qxc5 27. Be3 Qc7 28. Bd4 Bf7 29. Qa3 Re8 30. Rxe8+ Bxe8 31. Qa8 Qd7 32. Qa2 h5 33. Qf2 Qf5 34. h4 Bb5 35. Qg3 Bc4 1/2-1/2

[Event "GRE-ch U20"]
[Site "Greece"]
[Date "2009.01.03"]
[Round "3"]
[White "Bekakos, Mihail"]
[Black "Tsiropoulas, Apostolos"]
[Result "1/2-1/2"]
[WhiteElo "1628"]
[BlackElo "1994"]
[PlyCount "47"]
[EventDate "2009.01.02"]
[EventType "swiss"]
[EventRounds "9"]
[EventCountry "GRE"]
[SourceTitle "EXT 2011"]
[Source "ChessBase"]
[SourceDate "2010.11.26"]
[SourceVersion "1"]
[SourceVersionDate "2010.11.26"]
[SourceQuality "1"]

1. e4 e6 2. d4 d5 3. Nc3 Nf6 4. Bg5 Be7 5. e5 Nfd7 6. h4 Nc6 7. Qg4 Bxg5 8. hxg5 Qe7 9. g6 f5 10. Qf4 h6 11. 0-0-0 Nf8 12. Qg3 Bd7 13. Nge2 0-0-0 14. Nf4 Rg8 15. Qf3 Be8 16. g4 Bxg6 17. Bh3 fxg4 18. Bxg4 Kb8 19. Rdg1 Nxd4 20. Nxg6 Qg5+ 21. Qe3 Nxg6 22. Rh5 Qf4 23. Bh3 Nc6 24. Rxg6 1/2-1/2

[Event "Nikaia op 16th"]
[Site "Nikaia"]
[Date "2008.08.27"]
[Round "3"]
[White "Grigoriadis, Alexandros"]
[Black "Tsiropoulas, Apostolos"]
[Result "1-0"]
[WhiteElo "2417"]
[BlackElo "2025"]
[PlyCount "79"]
[EventDate "2008.08.25"]
[EventType "swiss"]
[EventRounds "9"]
[EventCountry "GRE"]
[SourceTitle "CBM 126 Extra"]
[Source "ChessBase"]
[SourceDate "2008.11.05"]
[SourceVersion "1"]
[SourceVersionDate "2008.11.05"]
[SourceQuality "1"]

1. Nf3 Nf6 2. c4 g6 3. Nc3 Bg7 4. d4 0-0 5. e4 d6 6. h3 e5 7. d5 a5 8. Be3 Na6 9. Be2 Nc5 10. Nd2 c6 11. 0-0 Nfd7 12. f3 f5 13. b3 Nf6 14. g4 f4 15. Bf2 Ne8 16. Kg2 Bf6 17. Qe1 h5 18. Rh1 Rf7 19. a3 Nd7 20. dxc6 bxc6 21. c5 Rh7 22. cxd6 Nxd6 23. Nc4 Nxc4 24. Bxc4+ Kh8 25. Na4 Qe7 26. b4 axb4 27. axb4 hxg4 28. hxg4 Rxh1 29. Qxh1+ Qh7 30. Qe1 Qe7 31. Qc3 Kg7 32. Nc5 Rxa1 33. Ne6+ Kh8 34. Qxa1 Qxb4 35. Ba2 Qd2 36. g5 Nc5 37. Qh1+ Kg8 38. Nxc5+ Qxa2 39. gxf6 Qf7 40. Qh4 1-0